New era of science / (Record no. 9852)
[ view plain ]
| 000 -LEADER | |
|---|---|
| fixed length control field | 00415cam a2200169ua 4500 |
| 041 ## - LANGUAGE CODE | |
| Language code of text/sound track or separate title | eng |
| 082 ## - DEWEY DECIMAL CLASSIFICATION NUMBER | |
| Classification number | 501 |
| Item number | KRI/NE |
| 100 ## - MAIN ENTRY--AUTHOR NAME | |
| Personal name | Krishnan, K S . |
| 245 ## - TITLE STATEMENT | |
| Title | New era of science / |
| 260 ## - PUBLICATION, DISTRIBUTION, ETC. (IMPRINT) | |
| Place of publication | India : |
| Name of publisher | Publication Division, Govt. of India , |
| Year of publication | 1957. |
| 300 ## - PHYSICAL DESCRIPTION | |
| Number of Pages | 45 ; . |
| 942 ## - ADDED ENTRY ELEMENTS (KOHA) | |
| Koha item type | Books |
| Withdrawn status | Lost status | Damaged status | Home library | Current library | Date acquired | Cost, normal purchase price | Full call number | Accession Number | Koha item type |
|---|---|---|---|---|---|---|---|---|---|
| KAUAET | KAUAET | 07/04/2012 | 0.50 | 501 | 9603 | Books |
